| 000 | 00440nam a22001337a 4500 | ||
|---|---|---|---|
| 020 | _a0-471-80825-3 | ||
| 082 | _a004.16 SKI'I | ||
| 100 |
_aSKINNER, THOMAS.P _975829 |
||
| 245 | _aAN INTRODUCTION TO ASSEMBLY LANGUAGE PROGRAMMING FOR THE 8086 FAMILY,A SELF-TEACHING GUIDE | ||
| 260 |
_aNEWYORK _bJOHN WILEY _c1985 |
||
| 300 | _a222P | ||
| 650 |
_aASSEMBLER LANGUAGE INTEL 8086 MICROPROCESSOR INTEL 8088 MICROPROCESSOR _975830 |
||
| 942 | _cBK | ||
| 999 |
_c581243 _d581243 |
||